[Event "Pula op 22nd"]
[Site "Pula"]
[Date "2008.06.22"]
[Round "2"]
[White "Sakelsek, Tadej"]
[Black "Saradjen, Janko"]
[Result "1-0"]
[WhiteElo "2408"]
[BlackElo "2147"]
[PlyCount "77"]
[EventDate "2008.06.21"]
[EventType "swiss"]
[EventRounds "9"]
[EventCountry "CRO"]
[SourceTitle "CBM 125 Extra"]
[Source "ChessBase"]
[SourceDate "2008.09.01"]
[SourceVersion "1"]
[SourceVersionDate "2008.09.01"]
[SourceQuality "1"]

1. e4 c5 2. Nf3 Nc6 3. d4 cxd4 4. Nxd4 g6 5. c4 Nf6 6. Nc3 d6 7. Be2 Nxd4 8. Qxd4 Bg7 9. Be3 0-0 10. Qd2 a6 11. 0-0 Be6 12. Rac1 Re8 13. f3 Qa5 14. Rfd1 Rac8 15. b3 h5 16. Rc2 Kh7 17. Rb1 Qc7 18. Rbc1 Qb8 19. a4 Nd7 20. a5 f5 21. exf5 Bxf5 22. Ra2 Ne5 23. Nd5 Be6 24. Nb6 Rcd8 25. Re1 Nd7 26. Bd3 Bf7 27. Nd5 Nf6 28. Bb6 Nxd5 29. cxd5 Bh6 30. Qd1 e5 31. dxe6 Rxe6 32. Rxe6 Bxe6 33. Bxd8 Qxd8 34. Re2 Qf6 35. Be4 Qf7 36. Qxd6 Bxb3 37. Rb2 Be3+ 38. Kh1 Kg7 39. Qxg6+ 1-0